000 00482nam a22001697a 4500
003 OSt
008 240702b |||||||| |||| 00| 0 eng d
020 _a9781422119150
082 _a658.1511
_bBEF
100 _aBERMAN, Karen
245 _aFinancial Intelligence for Entrepreneurs: What You Really Need to Know About the Numbers
260 _aUSA:
_bHarvard Business Press,
_c2008.
300 _axiv,284p.
650 _aGeneral Books
700 _aJoe Knight
942 _2ddc
_cREF
999 _c12720
_d12720